| 000 | 00613nam a22001937a 4500 | ||
|---|---|---|---|
| 003 | OSt | ||
| 005 | 20221103211057.0 | ||
| 008 | 150522b xxu||||| |||| 00| 0 eng d | ||
| 040 | _cBiblioteca Lado V | ||
| 082 |
_a708 _bN743b |
||
| 100 |
_9332 _aNoack, Ruth _ecurador |
||
| 245 |
_aBilderbuch/ _bDocumenta Kassel 2007/ |
||
| 260 |
_c2007 _bMuseum Fridericianum |
||
| 300 |
_a228p. _c24x30cm |
||
| 650 |
_2Tesauro de Arte & Arquitectura _aBIENAL |
||
| 650 |
_2Tesauro de Arte & Arquitectura _aARTE |
||
| 650 |
_2Tesauro de Arte & Arquitectura _aARTE VISUAL |
||
| 942 |
_2ddc _c1 _h708 _iN743b _n0 |
||
| 999 |
_c2521 _d2521 |
||